Bytový dom

Na minha lista:
Detalhes bibliográficos
Autor principal: Pašková, Petra (Author)
Outros Autores: Hanko, Martin (Thesis advisor)
Formato: Manuscrito Livro
Idioma:eslovaco
Publicado em: 2018
Assuntos:
Acesso em linha:http://is.stuba.sk/zp/portal_zp.pl?podrobnosti=146076
https://opac.crzp.sk/?fn=detailBiblioForm&sid=CB745B58B0F7E53C0556C76F3E25
Tags: Adicionar Tag
Sem tags, seja o primeiro a adicionar uma tag!

MARC

LEADER 00000ntm a22000003a 4500
001 stuzp69172
003 SK-STU
005 20230522104320.2
007 ta
008 150427s2015----xo-----f-mn---000-0-slo-d
040 |a STU  |b slo 
041 0 |a slo 
100 1 |a Pašková, Petra  |u 010270  |4 aut  |U SvF Stavebná fakulta  |T SvF Katedra technológie stavieb  |X 63511  |U V270  |Y 28  |7 63511 
242 0 1 |a Residential House  |y eng 
245 1 0 |a Bytový dom 
260 |c 2018 
650 4 |a bytový dom  |2 slo 
650 4 |a POV  |2 slo 
650 4 |a omietka  |2 slo 
650 4 |a plaster  |2 eng 
650 4 |a schedule  |2 eng 
650 4 |a residential house  |2 eng 
700 1 |a Hanko, Martin  |u 010270  |k Z8  |4 ths  |U SvF Stavebná fakulta  |T SvF Katedra technológie stavieb  |X 49405  |U V270  |Y 28  |7 A000049405 
856 4 |u http://is.stuba.sk/zp/portal_zp.pl?podrobnosti=146076 
856 4 |u https://opac.crzp.sk/?fn=detailBiblioForm&sid=CB745B58B0F7E53C0556C76F3E25